| 000 | 00791nam a2200229 i 4500 | ||
|---|---|---|---|
| 001 | 65758 | ||
| 003 | ES-MaACL | ||
| 005 | 20250815112600.0 | ||
| 007 | t| | ||
| 008 | 040121s1961 sp ||||1| spa d | ||
| 100 | 1 |
_aFruton, Joseph S. _952770 |
|
| 245 | 1 | 0 |
_aBioquímica general / _cJoseph S. Fruton, Sofía Simmonds ; traducción por Pascual López Lorenzo, Bernabé Sanz Pérez y Justino Burgos González. |
| 260 |
_aBarcelona : _bOmega, _c[1961] |
||
| 300 |
_a1043 p. : _bil. ; _c23 cm. |
||
| 650 | 0 | 7 |
_aBioquímica _2embne _9136796 |
| 700 | 1 |
_aSimmonds, Sofía. _9106486 |
|
| 700 | 1 |
_aLópez Lorenzo, Pascual. _973738 |
|
| 700 | 1 |
_aSanz Pérez, Bernabé. _9103675 |
|
| 700 | 1 |
_aBurgos González, Justino. _932663 |
|
| 852 |
_aES-MaACL _jC-21648 _bR.50322 |
||
| 999 |
_c65758 _d65758 |
||